000 00595nam a2200229 i 4500
001 C2-0311280
003 PPAK
005 20180728102938.0
008 110717s1964 my |||| ||||| | may d
040 _aPPAK
_beng
_cPPAK
_erda
082 0 4 _a899.233
_223
090 0 0 _a899.233
_bHAM
_dKIH
100 0 _aHamzah,
_eauthor
245 1 0 _aRumah itu dunia aku
264 1 _aKuala Lumpur :
_bAngkatan baru ,
_c1964
300 _a71 pages ;
_c18 cm
336 _2rdacontent
_atext
337 _2rdamedia
_aunmediated
338 _2rdacarrier
_avolume
650 1 0 _aMalay stories
942 _ddc
_cB
999 _c113540
_d113540